El mes de marzo consagrado por el glorioso Patriarca S. Jose esposo de la Santisima Virgen, para obtener su patrocinio en la hora de la muerte. Escrito en italiano y traducido al castellano por un cordialísimo devoto suyo: dedicado por su autor a la Santidad de Pio XVII

Detalles Bibliográficos
Formato: Libro
Lenguaje:Spanish
Publicado: Mexico : s.n., 1853.
Materias:
Colección:Banco de datos
Acervo:Monasterio de Santa Catalina de Siena de la Orden de Santo Domingo de Morelia. Michoacán
Descripción Física:IV p., [1] h., 178 p., [1] h. : il. ; 8°
Tema general:Ascética
Notas:Incluye frontispicio en grabado litográfico. Portada con grabado central litográfico. Encuadernación en piel sobre cartón. Ex libris manuscrito en la guarda anterior: "Soy de Ma. Ana...Navas de Betancourt". Sello en tinta de Evaristo Betancourt, Irapuato. Testigo: grabado litográfico pegado al final del libro
LEADER 01089nam a22001570004500
035 |a 621 
041 0 |a spa 
245 1 0 |a El mes de marzo consagrado por el glorioso Patriarca S. Jose esposo de la Santisima Virgen, para obtener su patrocinio en la hora de la muerte. Escrito en italiano y traducido al castellano por un cordialísimo devoto suyo: dedicado por su autor a la Santidad de Pio XVII 
260 |a Mexico : s.n., 1853. 
300 |a IV p., [1] h., 178 p., [1] h. : il. ; 8° 
500 |a Incluye frontispicio en grabado litográfico. Portada con grabado central litográfico. Encuadernación en piel sobre cartón. Ex libris manuscrito en la guarda anterior: "Soy de Ma. Ana...Navas de Betancourt". Sello en tinta de Evaristo Betancourt, Irapuato. Testigo: grabado litográfico pegado al final del libro 
650 1 0 |a Ascética 
949 |a Monasterio de Santa Catalina de Siena y Santa Ana del Convento de Dominicas de Morelia, Michoacán: 668 
942 |c DOMMOR 
943 |g Monasterio de Santa Catalina de Siena de la Orden de Santo Domingo de Morelia. Michoacán 
999 |c 1104677  |d 1104677